Logik texte: Kommentierte Auswahl zur Geschichte der modernen Logik

Salvato in:
Dettagli Bibliografici
Autori principali: Berka, Karel (Autore), Kreiser, Lothar (Autore)
Natura: Libro
Lingua:tedesco
Pubblicazione: Berlín Akademie 1971
Soggetti:
Tags: Aggiungi Tag
Nessun Tag, puoi essere il primo ad aggiungerne!!

MARC

LEADER 00000nam a2200000 a 4500
001 UCZ4480
003 CL-VaPUC
008 951110e19710000GW |||||||||||||||||ger|d
082 0 4 |a 160  |b BER  |2 21 
100 0 |a Berka, Karel  |e author  |9 348506 
700 0 |a Kreiser, Lothar  |e author  |9 348507 
245 1 0 |a Logik texte: Kommentierte Auswahl zur Geschichte der modernen Logik 
300 |a 559 p 
942 |c BK 
945 |d 19951110 00:00:00  |a cmena 
260 |a Berlín  |b Akademie  |c 1971 
650 0 |a Lógica  |9 256849 
650 0 |a Filosofía griega  |9 265579 
650 0 |a Filosofía alemana   |9 265002 
650 0 |a Racionalismo  |9 259116 
650 0 |a Razón   |9 314475 
650 0 |a Lógica matemática   |9 262442 
583 |a last modification  |c 19951110 00:00:00  |k Rodrigo Vera 
999 |c 240856  |d 240854 
952 |0 0  |1 0  |4 0  |6 160_000000000000000_BER_1971  |7 0  |8 P  |9 252903  |a BIBEDU  |b BIBEDU  |c BIBEDU_PB  |d 2019-11-19  |i 159818K  |o 160 BER 1971  |p 159818K  |r 2024-01-25  |w 2019-11-19  |y BK  |k FIL